| 000 | 00593nam a22001817a 4500 | ||
|---|---|---|---|
| 005 | 20251108172946.0 | ||
| 008 | 250721s1999 xx 000 0 ara d | ||
| 082 | 1 | 4 | _a956.509/رضو |
| 100 | 1 | _aرضوان، عبد الله | |
| 245 | 1 | 0 | _aأنطولوجيا عمان الأدبية: الشعر , القصة القصيرة , الرواية / |
| 264 | 1 |
_aعمان : _bأمانة عمان الكبرى، _c1999. |
|
| 300 | _a382ص | ||
| 650 | 1 | 7 | _aالأدب العربي |
| 650 | 1 | 7 | _aالنقد الأدبي |
| 700 | 1 | _aالمشايخ، محمد | |
| 942 |
_2ddc _cBK |
||
| 999 |
_c92775 _d92775 |
||